000 00789nam a2200241 i 4500
001 bg
100 1 _aSZYMKIEWICZ, Romuald
245 1 0 _aMetoda badania dyfuzji i dyspersji numerycznej w rozwiązaniach równań hydrodynamiki /
_cRomuald Szymkiewicz.
260 _aGdańsk :
_bWydawnictwo Politechniki Gdańskiej,
_c2006.
300 _a117 s. :
_bwykr. ;
_c24 cm.
504 _aBibliogr.
650 9 _aAnaliza numeryczna
_xstosowanie
_xhydrodynamika
650 9 _aHydrodynamika
_xmodele matematyczne
650 9 _aPrzepływ
_xbadanie
_xmetody
650 9 _aRównania różniczkowe
_xstosowanie
020 _a8373481451
040 _cBPK
041 0 _apol
080 _a532.5:519.61/.64:517.9
920 _a83-7348-145-1
942 _cKS
008 s pl f |000 0 pol
999 _c52294
_d52294
856 _uhttp://koha.tu.koszalin.pl/cgi-bin/koha/opac-detail.pl?biblionumber=52294
_yKatalog online BPK